01607nam a2200397Ia 4500001001200000003000800012006001900020007001500039008004100054010001700095020001800112020001500130020001800145020001500163040002100178035002100199050002400220100002400244245010400268260009300372300001800465490003900483500008200522504006400604533015200668650004100820650002300861650002100884655002900905710001600934710005300950710001701003830004601020856012601066999001701192ebr10257215CaPaEBRm u cr cn|||||||||080822s2009 dcu sb i001 0 eng d z 2008037307 z9780821377093 z0821377094 z9780821377109 z0821377108 aCaPaEBRcCaPaEBR a(OCoLC)56064066814aHC79.C3bP48 2009eb1 aPeterson, George E.10aUnlocking land values to finance urban infrastructureh[electronic resource] /cGeorge E. Peterson. aWashington, DC :bWorld Bank :bPublic-Private Infrastructure Advisory Facility,cc2009. axviii, 128 p.1 aTrends and policy options ;vno. 7 a"Helping to eliminate poverty through private involvement in infrastructure." aIncludes bibliographical references (p. 113-117) and index. aElectronic reproduction.bPalo Alto, Calif. :cebrary,d2009.nAvailable via World Wide Web.nAccess may be limited to ebrary affiliated libraries. 0aInfrastructure (Economics)xFinance. 0aPublic land sales. 0aLand use, Urban. 7aElectronic books.2local2 aWorld Bank.2 aPublic-Private Infrastructure Advisory Facility.2 aebrary, Inc. 0aPPIAF trends and policy options ;vno. 7.40uhttp://site.ebrary.com/lib/rucke/Doc?id=10257215zAn electronic book accessible through the World Wide Web; click to view c13552d13552